| 000 | 02679nam a2200265 i 4500 | ||
|---|---|---|---|
| 005 | 20220317000534.0 | ||
| 008 | 160601s2004 ck a gs 000 0 spa d | ||
| 020 | _a9587090489 | ||
| 040 |
_aCO-BoRNBP _bspa _cCO-BoRNBP _erda |
||
| 082 | 0 | 4 |
_a330.91861 _bL32g2 |
| 100 | 1 |
_aLiévano Aguirre, Indalecio, _d1917-1982 _eautor |
|
| 245 | 1 | 4 |
_aLos grandes conflictos sociales y económicos de nuestra historia _bde la Campaña libertadora al Congreso de Panamá _cIndalecio Liévano Aguirre |
| 250 | _aPrimera edición | ||
| 264 | 1 |
_aBogotá _bIntermedio _c2004 |
|
| 300 |
_a2 volúmnes _bilustraciones _c24 cm |
||
| 336 |
_atexto _btxt _2rdacontent |
||
| 337 |
_asin mediación _bn _2rdamedia |
||
| 338 |
_avolumen _bnc _2rdacarrier |
||
| 505 | 1 | _avolumen 1. Liévano Aguirre, la historia auténtica -- La primera lucha por la justicia -- La controversia sobre las encomiendas.-- La rebelión de los encomenderos -- La iglesia y los encomenderos -- La fronda sojuzgada -- Sobre el lomo de los conflictos -- La reforma agraria y la reforma tributaria de 1591 ; El motín de las alcabalas -- El conflicto entre la ética católica y la ética protestante -- La batalla por el dominio del mundo -- Las misiones Jesuíticas en el nuevo reino -- Las reducciones guaraníes -- El despotismo ilustrado -- Los filósofos de la oligarquía y los filósofos de la democracia -- en las guerras del coloniaje -- La revolución de los comuneros -- Las contradicciones revolucionarias del régimen colonial -- El derrumbe de la autoridad política de España -- el 20 de julio de 1810 -- La batalla por la independencia -- En la patria boba -- La colonia interior -- Nariño en el poder -- Hacia la independencia -- Nariño frente a la fronda -- La dictadura de Nariño -- La Libertadura -- El epílogo de Pasto -- La guerra social -- La hora decisiva -- La pacificación española -- La estrategia política de la revolución -- Volumen 2. El caudillo de la revolución -- El ascenso a las altiplanicies -- El "civilismo" plutocrático -- La oligarquía se adueña del poder -- Una oligarquía con el alma de una factura de importación -- El empréstito inglés -- La independencia como problema continental -- El protector del Perú -- La entrevista de Guayaquil -- Bolívar en el Perú -- La traición de las oligarquías -- Junín y Ayacucho -- La batalla por la unidad de Hispanoamérica -- La conferencia de Potosí -- El Congreso de Panamá (Bolívar y la doctrina Monroe) | |
| 650 | 1 | 4 |
_2Revoluciones _xHistoria _zColombia |
| 651 | 4 |
_aColombia _y1590-1820 _947489 |
|
| 651 | 4 |
_aColombia _xHistoria _xIndependencia _9124813 |
|
| 700 | 1 |
_aRamírez Santos, Alberto _eeditor _92976 |
|
| 942 |
_2ddc _cBK |
||
| 999 |
_c4328 _d4328 |
||